|
|
|
|
| LEADER |
00000nab a2200000 a 4500 |
| 001 |
vtls010102570 |
| 003 |
SK-MaSNL |
| 005 |
20260304160755.0 |
| 008 |
250507c2010 xo ||||||||||||00 b|slo |
| 015 |
|
|
|a SNBRB2010/05
|2 snkbucl
|
| 035 |
|
|
|a (uuid)caf96954-67b7-4b64-a98e-30b2bc43b0ba
|
| 035 |
|
|
|a urn:nbn:sk:snk-ab168q
|
| 035 |
|
|
|a (urnnbn)urn:nbn:sk:snk:ar-003kh8
|
| 038 |
|
|
|a SNKBUCL
|
| 040 |
|
|
|a SNKBUCL
|b slo
|c SNKBUCL
|e AACR2
|
| 041 |
0 |
|
|a slo
|
| 044 |
|
|
|a xo
|c SK
|
| 080 |
|
|
|a 341.24
|x (4)
|2 2001
|
| 080 |
|
|
|a 327.39
|x (4)
|2 2001
|
| 080 |
|
|
|a 341.24
|x (437.3)
|2 2001
|
| 080 |
|
|
|a 341.24
|x (417)
|2 2001
|
| 100 |
1 |
|
|a Karas, Viliam,
|d 1976-
|4 aut
|9 230585
|
| 245 |
1 |
0 |
|a Lisabonská zmluva a Írske a České záruky
|c Wiliam Karas
|
| 504 |
|
|
|a Bibliogr. odkazy
|
| 610 |
2 |
7 |
|a Európska únia
|2 snkbucl
|9 29861
|
| 630 |
0 |
7 |
|a Lisabonská zmluva
|2 snkbucl
|9 480126
|
| 650 |
0 |
7 |
|a reformné zmluvy
|2 snkbucl
|9 1483817
|
| 650 |
0 |
7 |
|a medzinárodné zmluvy
|2 snkbucl
|9 67291
|
| 651 |
|
7 |
|a Česko
|2 snkbucl
|9 16753
|
| 651 |
|
7 |
|a Írsko
|2 snkbucl
|9 21715
|
| 773 |
0 |
|
|t Justičná revue
|g Roč. 62, č. 3 (2010), s. 415-422
|x 1335-6461
|
| 850 |
|
|
|a Slovenská národná knižnica
|
| 852 |
|
|
|a Slovenská národná knižnica
|
| 954 |
|
|
|a odborná, vedecká literatúra pôvodná (slovenská)
|2 lita
|
| 958 |
|
|
|a article27
|
| 958 |
|
|
|a OND
|
| 958 |
|
|
|a SK
|
| 958 |
|
|
|a NB
|
| 958 |
|
|
|a CZ
|
| 958 |
|
|
|a IE
|
| 958 |
|
|
|a EUIPO
|
| 999 |
|
|
|c 2968821
|d 2970751
|